[Event "Campeonato Estadual Absoluto Std RJ 202"]
[Site "TTC Sala de Xadrez Ed Leonard"]
[Date "2025.11.23"]
[Round "5.11"]
[White "Grechi, Marcelo Rezende"]
[Black "Andriska, Matheus Jose Amante"]
[Result "1-0"]
[WhiteElo "1810"]
[BlackElo "1534"]
[PlyCount "71"]
[EventDate "2025.11.20"]
[EventRounds "6"]
[EventCountry "BRA"]

1. d4 Nf6 2. c4 e6 3. Nc3 Bb4 4. Qc2 O-O 5. Nf3 d5 6. a3 Bxc3+ 7. Qxc3 h6 ({RR} 7... dxc4 8. Qxc4 b6 9. Bg5 Ba6 10. Qc2 h6 11. Bh4 c5 12. e4 Bxf1 13. Rxf1 g5 14. Bg3 cxd4 15. Rd1 Qc8 16. Qe2 Qa6 17. Bxb8 Qxe2+ 18. Kxe2 Raxb8 19. Rxd4 Rbc8 20. Rfd1 Rc2+ 21. R1d2 Rfc8 22. Ne5 {Morozevich,A (2771)-Topalov,V (2796) Nice 2009 1-0 (44)}) ({RR} 7... dxc4 8. Qxc4 b6 9. Bg5 Ba6 10. Qc2 h6 11. Bh4 c5 12. e4 Bxf1 13. Rxf1 g5 14. Bg3 cxd4 15. Rd1 Qc8 16. Qe2 Qa6 17. Bxb8 Qxe2+ 18. Kxe2 Raxb8 19. Rxd4 Rbc8 20. Rfd1 Rc2+ 21. R1d2 Rfc8 22. Ne5) 8. e3 ({RR} 8. Bf4 c5 9. e3 b6 10. Bd3 Bb7 11. Rd1 Nbd7 12. Ne5 Rc8 13. O-O Nxe5 14. Bxe5 Nd7 15. Bd6 Re8 16. dxc5 Nxc5 17. Bxc5 Rxc5 18. b4 Rc8 19. c5 bxc5 20. bxc5 Qg5 21. Qb4 Bc6 22. Bb5 Qe7) 8... b6 ({RR} 8... Nbd7 9. Bd3 dxc4 10. Bxc4 b6 11. O-O Bb7 12. b4 Bxf3 13. gxf3 a6 14. e4 b5 15. Bb3 Nb6 16. Bf4 Rc8 17. Kh1 Nh5 18. Bc1 Kh7 19. Rg1 Qh4 20. Qe3 Qf6 21. e5 Qh4 22. Rg4 Qh3 23. Bc2+ {Mandloi,M (1688)-Advit,P (1548) Sri Mahesh Vatika, Near Roadw 2024 0-1 (60)}) ({RR} 8... c5 9. dxc5 Ne4 10. Qc2 Nxc5 11. b4 Ne4 12. Bd3 Nf6 13. Bb2 dxc4 14. Qxc4 b6 15. Rd1 Qe7 16. Bxf6 Qxf6 17. Qe4 g6 18. Qxa8 Bd7 19. Qe4 Qc3+ 20. Nd2 Bc6 21. Qc4 Qxa3 22. O-O Bd5 23. Qc2) ({RR} 8... a5 9. b3 Nc6 10. Bd3 Bd7 11. O-O a4 12. b4 dxc4 13. Qxc4 Na7 14. Qc5 Bc6 15. Ne5 Bd5 16. Bb2 Ne4 17. Qc2 Nd6 18. Qxa4 Qg5 19. g3 Nc6 20. Qc2 Nxe5 21. dxe5 Ne8 22. e4 Bc6 23. b5) 9. Be2 $146 ({RR} 9. cxd5 exd5 10. Bd3 Be6 11. Ne5 Qd6 12. b4 a5 13. b5 Rc8 14. a4 c5 15. O-O c4 16. Bc2 Nfd7 17. Nxd7 Nxd7 18. Ba3 Qc7 19. Rae1 f5 20. f3 Nf6 21. e4 fxe4 22. fxe4 Re8 23. e5 Nh7 {Koniahli,M (2255)-Likoko,E (1646) chess.com INT 2021 1-0}) ({RR} 9. cxd5 exd5 10. Bd3 Be6 11. Ne5 Qd6 12. b4 a5 13. b5 Rc8 14. a4 c5 15. O-O c4 16. Bc2 Nfd7 17. Nxd7 Nxd7 18. Ba3 Qc7 19. Rae1 f5 20. f3 Nf6 21. e4 fxe4 22. fxe4 Re8 23. e5) ({RR} 9. b3 Ne4 10. Qc2 Bb7 11. Bd3 Nd7 12. O-O f5 13. Bb2 Rc8 14. b4 c5 15. dxc5 bxc5 16. b5 Qe7 17. a4 Nd6 18. Ne5 Nxe5 19. Bxe5 Nf7 20. Bb2 Qg5 21. cxd5 c4 22. Be2 Bxd5 23. g3 c3 {Maiorov,N (2446)-Yang,K (2122) Chess.com INT 2021 0-1 (68)}) ({RR} 9. b4 dxc4 10. Bxc4 Bb7 11. Bb2 a5 12. b5 c6 13. O-O cxb5 14. Bxb5 Qd5 15. Qd3 Nbd7 16. Rfc1 Rfc8 17. Ne1 Bc6 18. Bc4 Qg5 19. Ba6 Rc7 20. Rxc6 Rxc6 21. Bb7 Rac8 22. e4 Nf8 23. Bxc6 Rxc6 {Dreev,A (2662)-Alekseenko,K (2668) Izhevsk 2019 ½-½ (45)}) 9... Bb7 10. O-O Nbd7 11. b3 Qe7 12. Bb2 Rac8 13. Nd2 c5 14. Bf3 Ba6 15. Rfe1 cxd4 16. exd4 Qd6 17. a4 Qc7 18. Rac1 Qb8 19. Qb4 dxc4 20. bxc4 Bb7 21. Bxb7 Qxb7 22. Nf3 Nb8 23. Qb5 a6 24. Qb3 Nc6 25. Bc3 Qc7 26. d5 Nd8 27. Bxf6 gxf6 28. h3 Qd6 29. Rcd1 Qc5 30. Re4 Rc7 31. Rg4+ Kh7 32. Qd3+ f5 33. Rd4 Nb7 34. d6 Rd7 35. Qd2 Rg8 36. Rh4 1-0

[Event "Campeonato Estadual Absoluto Std RJ 202"]
[Site "TTC Sala de Xadrez Ed Leonard"]
[Date "2025.11.23"]
[Round "6.2"]
[White "Pereira, Pedro Nunes"]
[Black "De Miranda, Eduardo Rodrigues C"]
[Result "1/2-1/2"]
[WhiteElo "1825"]
[BlackElo "1918"]
[PlyCount "148"]
[EventDate "2025.11.20"]
[EventRounds "6"]
[EventCountry "BRA"]

1. e3 d5 2. d4 Bf5 3. c4 e6 4. cxd5 ({RR} 4. Bd3 Bxd3 5. Qxd3 dxc4 6. Qxc4 Qd5 7. Qxd5 exd5 8. b3 Nf6 9. Ba3 Bxa3 10. Nxa3 c6 11. Nc2 a5 12. Nf3 Ne4 13. Ne5 Nd7 14. Nxd7 Kxd7 15. f3 Nd6 16. Kd2 a4 17. Nb4 Ra5 18. Nd3 axb3 {Kaptsan,A (2210)-Finegold,B (2490) Chicago 1993 0-1 (58)}) 4... exd5 5. Bd3 ({RR} 5. Qb3 Nc6 6. Qxb7 Nb4 7. Bb5+ Ke7 8. Na3 Rb8 9. Qxa7 Rxb5 10. Nxb5 Nc2+ 11. Ke2 Nxa1 12. Nxc7 Kf6 13. Nf3 Ne7 14. Qb6+ Be6 15. g4 g5 16. e4 h6 17. e5+ Kg7 18. Nxe6+ fxe6 19. Qxd8 Ng6 {Harriott,T (1778)-Viskelis,D (2152) chess.com INT 2023 1-0}) 5... Bg6 $146 ({RR} 5... Bb4+ 6. Nc3 Bg6 7. Bxg6 fxg6 8. Nf3 Nf6 9. O-O Nbd7 10. Qa4 Bxc3 11. bxc3 O-O 12. Qb3 b6 13. Ba3 c5 14. c4 Ne4 15. cxd5 Rxf3 16. gxf3 Nd2 17. Qd1 Qg5+ 18. Kh1 Nxf1 19. Qxf1 Qxd5 20. dxc5 {Silva,S-Pascual,J Aracaju 2014 ½-½ (51)}) 6. Nf3 Nf6 7. Nc3 c6 8. O-O Bd6 9. Re1 O-O 10. Bxg6 hxg6 11. e4 dxe4 12. Nxe4 Nxe4 13. Rxe4 Nd7 14. Bg5 Nf6 15. Rc1 Qb6 16. Bxf6 gxf6 17. Qd2 Kg7 18. g4 Rfe8 19. Rxe8 Rxe8 20. Qc2 Qb5 21. a4 Qd5 22. Qd3 Re4 23. h3 Rf4 24. Rc3 f5 25. gxf5 Rxf5 26. Qe2 Rh5 27. Kg2 Qf5 28. Ne5 Bxe5 29. Qxe5+ Qxe5 30. dxe5 Rxe5 31. Kf3 Kf6 32. b4 Ke6 33. Kf4 Re2 34. f3 Rh2 35. Re3+ Kf6 36. Rd3 Rxh3 37. Kg4 Rh8 38. Rd7 Rb8 39. Rc7 Ke6 40. Kg5 a5 41. bxa5 Ra8 42. Rxb7 Rxa5+ 43. Kh6 Rxa4 44. Rc7 Rc4 45. Kg7 f5 46. Kxg6 c5 47. Rc6+ Kd5 48. Ra6 f4 49. Kf5 Rd4 50. Ra1 Kc4 51. Rc1+ Kb4 52. Rb1+ Kc4 53. Rc1+ Kd5 54. Ra1 Rb4 55. Rd1+ Kc6 56. Ke5 Kb5 57. Rd8 Ka4 58. Rc8 Rc4 59. Rb8 Rd4 60. Rb1 Rb4 61. Rc1 Kb5 62. Rd1 Ra4 63. Rb1+ Kc6 64. Rd1 Rc4 65. Rb1 Rd4 66. Rb2 Ra4 67. Rb1 Rb4 68. Rd1 Kb5 69. Rd8 Ka4 70. Rc8 Rc4 71. Rb8 Rd4 72. Rb1 Ka3 73. Rc1 Kb4 74. Rb1+ Kc4 1/2-1/2

[Event "Campeonato Estadual Absoluto Std RJ 202"]
[Site "TTC Sala de Xadrez Ed Leonard"]
[Date "2025.11.23"]
[Round "6.3"]
[White "Zacarias, Rodrigo Medeiros"]
[Black "Frolov, Ivan"]
[Result "0-1"]
[WhiteElo "2041"]
[BlackElo "2029"]
[PlyCount "140"]
[EventDate "2025.11.20"]
[EventRounds "6"]
[EventCountry "BRA"]

1. e4 {Kasimdzhanov,Rustam} e5 2. Nf3 Nc6 3. Bb5 Nf6 4. O-O Nxe4 5. d4 Nd6 6. Bxc6 dxc6 7. dxe5 Nf5 8. Qxd8+ Kxd8 9. Nc3 Ke8 10. h3 h5 11. Bf4 Be7 12. Ne4 ({RR} 12. Rad1 Be6 13. Ng5 Rh6 14. g3 ({RR} 14. Rfe1 Bb4 15. g4 hxg4 16. hxg4 Ne7 17. Nxe6 Rxe6 18. Kg2 Bxc3 19. bxc3 Rd8 20. Rxd8+ Kxd8 21. Rh1 Nd5 22. Bg3 g5 23. c4 Nc3 24. Kf3 Rg6 25. a3 Na4 26. Ke4 Nc5+ 27. Kf5 Ne6 28. Rh8+ Kd7) 14... Bxg5 15. Bxg5 Rg6 16. h4 f6 17. exf6 gxf6 18. Bf4 Nxh4 19. f3 Rd8 20. Kf2 Rxd1 21. Nxd1 Nf5 22. Rh1 Bxa2 ({RR} 22... Ng7 23. Ne3) 23. Rxh5 ({RR} 23. b3 Bb1) 23... Be6 24. g4 ({RR} 24. Bxc7 Rh6) 24... Nd6 25. Rh7 Nf7 ({RR} 25... f5 26. g5 ({RR} 26. Rxc7 Nb5 27. gxf5 Bxf5 28. Rxb7 Bxc2 29. Ne3) 26... Nf7 27. Rh5 Rg8 28. Kg3 Rh8) 26. Ne3 Kd8 {Carlsen,M (2863)-Anand,V (2792) Sochi 2014 CBM 164 [Kasimdzhanov,Rustam] ½-½ (122)}) 12... Nh4 ({RR} 12... Be6 13. b3 Rd8 14. Rfe1 c5 15. c4 Rd3 16. Rad1 Rxd1 17. Rxd1 b6 18. g3 Bd8 19. Neg5 Bxg5 20. Bxg5 Ne7 21. Kg2 Nc6 22. Ng1 Bd7 23. f3 Nd4 24. Be3 Nc2 25. Bf2 Ke7 26. Rd2 Nb4 27. Ne2 {Nepomniachtchi,I (2732)-Giri,A (2759) chess.com INT 2025 ½-½ (62)}) 13. Nxh4 Bxh4 14. Bg5 $146 ({RR} 14. Ng5 Bf5 15. c3 Bxg5 16. Bxg5 Kd7 17. Rad1+ Kc8 18. Rd2 b6 19. Rfd1 Kb7 20. Rd8 Raxd8 21. Rxd8 Rxd8 22. Bxd8 Bg6 {½-½ (22) Bacrot,E (2721)-Jakovenko,D (2760) Dortmund 2009}) ({RR} 14. Ng5 Bf5 15. c3 Bxg5 16. Bxg5 Kd7 17. Rad1+ Kc8 18. Rd2 b6 19. Rfd1 Kb7 20. f4 Be6 21. a3 c5 22. Rd8 Raxd8 23. Rxd8 Rxd8 24. Bxd8 Kc6 25. Kf2 Kd7 26. Bh4 a5 27. Ke3 a4 28. Ke4 Kc6 {Moiseev,V (2415)-Tishin,P (2406) Dubna 2015 ½-½ (43)}) 14... Bxg5 15. Nxg5 Bf5 16. c3 Rd8 17. Rad1 Ke7 18. f4 g6 19. Kf2 c5 20. Ke2 f6 21. exf6+ Kxf6 22. Rxd8 Rxd8 23. Rd1 Rd6 24. Rd2 b5 25. Ke3 a5 26. a3 Ke7 27. Nf3 Ke6 28. Ng5+ Kf6 29. Ne4+ Bxe4 30. Rxd6+ cxd6 31. Kxe4 h4 32. Kd5 Kf5 33. Kxd6 c4 34. Kd5 Kxf4 35. a4 bxa4 36. Kxc4 Kg3 37. Kb5 Kxg2 38. c4 Kxh3 39. c5 Kg3 40. c6 h3 41. c7 h2 42. c8=Q h1=Q 43. Kxa5 Qd5+ 44. Kxa4 Qa2+ 45. Kb4 Qxb2+ 46. Ka4 Qa1+ 47. Kb3 Qd1+ 48. Kb2 Qe2+ 49. Ka1 Qe5+ 50. Ka2 g5 51. Qc4 g4 52. Qd3+ Kf2 53. Qd7 Qe2+ 54. Kb3 g3 55. Ka4 g2 56. Qd4+ Ke1 57. Qc3+ Kf2 58. Qd4+ Qe3 59. Qh4+ Kf1 60. Qc4+ Kg1 61. Qh4 Qf2 62. Qh5 Qa2+ 63. Kb4 Qd2+ 64. Ka4 Qc2+ 65. Kb4 Qe4+ 66. Ka5 Kf1 67. Qf7+ Ke1 68. Qg8 Qf5+ 69. Kb4 Qf4+ 70. Ka5 Kf1 0-1

[Event "Campeonato Estadual Absoluto Std RJ 202"]
[Site "TTC Sala de Xadrez Ed Leonard"]
[Date "2025.11.23"]
[Round "6.4"]
[White "Roland, Marcos Maldonado"]
[Black "Manzi, Luiz Antonio Bardar"]
[Result "1/2-1/2"]
[WhiteElo "2089"]
[BlackElo "2058"]
[PlyCount "107"]
[EventDate "2025.11.20"]
[EventRounds "6"]
[EventCountry "BRA"]

1. d4 Nf6 2. Bg5 d5 3. Bxf6 exf6 4. g3 Bd6 5. Bg2 O-O 6. e3 Be6 7. Ne2 Nd7 8. O-O c6 9. b3 Qe7 10. Nd2 f5 11. c4 Nf6 12. c5 Bc7 13. b4 Rfe8 $146 ({RR} 13... Bd7 14. Rb1 Rfe8 15. a4 Ng4 16. Rb3 h5 17. Bf3 h4 18. Re1 g6 19. Nf4 Kg7 20. Bxg4 fxg4 21. e4 Bxf4 22. gxf4 Qf6 23. e5 Qxf4 24. Nf1 a6 25. Qd2 Qf5 26. Qd1 Qg5 27. Qd2 Qf5 28. Qd1 {Hlinka,V (2173)-Egyed,A (2295) Slovakia 2010 0-1 (42)}) ({RR} 13... Ne4 14. a4 g6 15. Nb3 h5 16. h4 Kg7 17. Qe1 Rg8 18. f3 Nf6 19. Qf2 Kh7 20. Rfe1 g5 21. Kh1 Rg7 22. Rg1 Rag8 23. Nd2 gxh4 24. gxh4 Bg3 25. Nxg3 Rxg3 26. Nf1 R3g7 27. Nh2 Nd7 28. Bh3 {Rodriguez Perez,D (2018)-Kosmo,S (2237) Madrid 2014 1-0 (55)}) 14. a4 Bd7 15. Qb3 Ne4 16. Ra2 a6 17. Rb2 h5 18. b5 cxb5 19. Qxd5 Bc6 20. Qxf5 g6 21. Qxe4 Bxe4 22. Nxe4 bxa4 23. Rxb7 Rab8 24. c6 Rxb7 25. cxb7 a3 26. N2c3 Ba5 27. Nd5 Qxb7 28. Nef6+ Kf8 29. Nxe8 Qb5 30. Nef6 Qxf1+ 31. Bxf1 a2 32. Bxa6 a1=Q+ 33. Bf1 Qa2 34. Nf4 Be1 35. Nd3 Bd2 36. Ne4 Ba5 37. Nec5 Kg7 38. h3 Bc7 39. h4 Qd2 40. Kg2 Bd8 41. Kg1 Qd1 42. Kg2 g5 43. hxg5 Bxg5 44. Ne4 Be7 45. Nf4 h4 46. gxh4 Bxh4 47. Be2 Qc2 48. Ng3 Bg5 49. Bd3 Qb2 50. Nfh5+ Kf8 51. Nf5 Qb3 52. Be4 Qd1 53. Nhg3 Qd2 54. d5 1/2-1/2

[Event "Campeonato Estadual Absoluto Std RJ 202"]
[Site "TTC Sala de Xadrez Ed Leonard"]
[Date "2025.11.23"]
[Round "6.5"]
[White "Maia, Erick De Figueiredo"]
[Black "Yunes, David Teles"]
[Result "1-0"]
[WhiteElo "1841"]
[BlackElo "1990"]
[PlyCount "171"]
[EventDate "2025.11.20"]
[EventRounds "6"]
[EventCountry "BRA"]

1. e4 e6 2. d4 d5 3. exd5 exd5 4. Bd3 Nc6 5. c3 Bd6 6. Qf3 Nge7 7. Ne2 Be6 8. Bf4 Ng6 9. Bxd6 Qxd6 10. Nd2 Nh4 ({RR} 10... O-O-O 11. O-O-O h5 12. Bxg6 fxg6 13. Qg3 Qxg3 14. hxg3 g5 15. Rde1 Rde8 16. Nf1 Nd8 17. Ne3 Nf7 18. Kd2 Nd6 19. f3 Nf5 20. Nxf5 Bxf5 21. Nc1 g6 22. Nd3 Bxd3 23. Kxd3 Kd7 24. f4 gxf4 25. gxf4 {Malaniuk,V (2560)-King,D (2495) Palma de Mallorca 1989 ½-½}) ({RR} 10... O-O-O 11. Qg3 Nce7 12. Qxd6 Rxd6 13. h4 h5 14. Nf3 Bg4 15. Kd2 Bxf3 16. gxf3 Rf6 17. Rh3 Nf4 18. Nxf4 Rxf4 19. Re1 Kd7 20. Re5 g6 21. Ke3 Rf6 22. f4 Re8 23. Kf3 c6 24. Rh1 Nc8 25. Rhe1 {Sarana,A (2672)-Sivakumar,S (2289) chess.com INT 2025 1-0 (65)}) 11. Qg3 Qxg3 12. hxg3 Nf5 $146 ({RR} 12... Ng6) ({RR} 12... Ng6 13. Nf4 Nxf4 14. gxf4 h6 15. f5 Bd7 16. g4 O-O-O 17. O-O-O f6 18. f4 Rde8 19. Rde1 Rxe1+ 20. Rxe1 Re8 21. Rxe8+ Bxe8 22. Nf3 Ne7 23. Nh4 Kd7 24. b3 Kd6 25. Kd2 b6 26. c4 c5 27. Nf3 {Szczecina,K (1712)-Jablonski,M (2033) Pszczyna 2009 0-1 (47)}) 13. Nf4 O-O-O 14. Nxe6 fxe6 15. Nf3 Rde8 16. Bb5 Nd6 17. Bxc6 bxc6 18. Ne5 Kb7 19. f3 Ref8 20. a4 Nf7 21. Nd7 Re8 22. f4 Nd6 23. Nc5+ Kc8 24. Ra3 Nb7 25. Nd3 Nd6 26. Ne5 Nc4 27. Nxc4 dxc4 28. Rh5 Kd7 29. Rc5 Rb8 30. Ra2 Rb3 31. Kd2 h5 32. Rxc4 h4 33. g4 h3 34. gxh3 Rxh3 35. Rc5 Rh2+ 36. Kc1 Kd6 37. Rg5 Rxc3+ 38. bxc3 Rxa2 39. Rxg7 Rxa4 40. Rf7 Ra1+ 41. Kb2 Rg1 42. g5 Rg4 43. Kb3 Rg1 44. Rf8 Rg4 45. Kc4 a5 46. Rf6 Ke7 47. f5 Rxg5 48. Rxe6+ Kd7 49. Re5 a4 50. Kb4 Rg3 51. Rc5 Rg1 52. Kxa4 Rb1 53. Re5 Kd6 54. Ka3 Rb8 55. Re3 Rf8 56. Re6+ Kd5 57. Re5+ Kd6 58. Kb4 Rb8+ 59. Kc4 Rb1 60. Kd3 Rf1 61. Ke4 Rf2 62. Re6+ Kd7 63. Rh6 Rf1 64. Rh3 Ke7 65. Rh7+ Kd6 66. Rh4 Ke7 67. Ke5 Re1+ 68. Re4 Rc1 69. Re3 Kf7 70. Rh3 Re1+ 71. Kf4 Rf1+ 72. Ke4 Re1+ 73. Kd3 Kf6 74. Rh6+ Kxf5 75. Rxc6 Re7 76. Kc4 Ke4 77. d5 Rh7 78. Re6+ Kf5 79. Kc5 Rh3 80. c4 Rh7 81. Kc6 Rg7 82. c5 Rh7 83. Re8 Rg7 84. d6 cxd6 85. cxd6 Rg1 86. d7 1-0

[Event "Campeonato Estadual Absoluto Std RJ 202"]
[Site "TTC Sala de Xadrez Ed Leonard"]
[Date "2025.11.23"]
[Round "6.9"]
[White "Campos, Rafael De Lima"]
[Black "Mattos, Bernardo Cunha"]
[Result "0-1"]
[WhiteElo "1801"]
[BlackElo "1779"]
[PlyCount "48"]
[EventDate "2025.11.20"]
[EventRounds "6"]
[EventCountry "BRA"]

1. e4 c5 2. c3 ({RR} 2. Nf3 Nc6 3. c3 Nf6 4. e5 Nd5 5. d4 cxd4 6. cxd4 {1-0 (7) Beltran Serna,I (1978)-Mariya Boby,A (1647) Barranquilla COL 2025}) 2... Nf6 3. e5 Nd5 4. d4 cxd4 5. cxd4 d6 6. Nf3 Nc6 7. Be2 Bf5 8. a3 e6 9. O-O Be7 10. Bd2 ({RR} 10. exd6 Qxd6 11. Nc3 O-O 12. Nb5 Qb8 13. Nc3 Rd8 14. Nxd5 Rxd5 15. Be3 Bf6 16. Rc1 Qd8 17. Qb3 Qe7 18. Rfd1 Rad8 19. h3 h6 20. Qc3 Be4 21. b4 Bxf3 22. Bxf3 Bxd4 23. Qe1 Bxe3 24. fxe3 Rxd1 {Shianovsky,V (2314)-Nogin,N (2337) Kiev 2001 0-1 (44)}) 10... O-O $146 ({RR} 10... Qb6 11. Bc3 O-O 12. Bd3 Nxc3 13. bxc3 Qb2 14. Bxf5 Qxa1 15. exd6 Bxd6 16. d5 exf5 17. dxc6 Rad8 18. Qb3 bxc6 19. Nd4 Rb8 20. Qc2 Qb2 21. Qd3 Qb6 22. Nxf5 Be5 23. Nd2 Rbd8 24. Qc2 Qc5 25. c4 {Bultijnck,K (1730)-Grochal,J (2272) Belgium BEL 2024 0-1}) 11. Nc3 dxe5 12. dxe5 Nxc3 13. Bxc3 h6 14. Qb3 Qc7 15. Rac1 Rac8 16. Bd4 Nxd4 17. Rxc7 Nxe2+ 18. Kh1 Rxc7 19. Qe3 Rd8 20. Qxe2 Bd3 21. Qd1 Bxf1 22. Qxf1 Rdc8 23. Qb5 Rc1+ 24. Ng1 Rxg1+ 0-1

[Event "Campeonato Estadual Absoluto Std RJ 202"]
[Site "TTC Sala de Xadrez Ed Leonard"]
[Date "2025.11.23"]
[Round "6.10"]
[White "Sarmento, Flora Ferreira"]
[Black "Mesquita, Arnaldo Leite"]
[Result "0-1"]
[WhiteElo "1712"]
[BlackElo "1756"]
[PlyCount "70"]
[EventDate "2025.11.20"]
[EventRounds "6"]
[EventCountry "BRA"]

1. d4 Nf6 2. c4 g6 3. Nc3 d5 4. cxd5 Nxd5 5. e4 Nxc3 6. bxc3 Bg7 ({RR} 6... c5 7. Bc4 {½-½ (7) Mitrovic,D (2278)-Todorovic,B (2338) Kragujevac 2013}) 7. Bc4 c5 8. Qf3 ({RR} 8. Qb3 O-O 9. dxc5 Qa5 10. Ne2 Qxc5 11. Be3 Qc7 12. O-O Nc6 13. Bd3 Rd8 14. Rad1 Be6 15. Qc2 Rac8 16. Bf4 Be5 17. Bxe5 Qxe5 18. Qd2 Bc4 19. Qe3 Bxd3 20. Rxd3 Rxd3 21. Qxd3 Rd8 22. Qe3 Qa5 {Akason,A (1624)-Gulyas Adam Ferenc (1754) Skutustadir ISL 2025 0-1 (39)}) 8... O-O 9. d5 Nd7 $146 ({RR} 9... Qa5 10. Bd2 Nd7 11. Be2 Qa3 12. Nh3 Qb2 13. Rd1 Qxa2 14. O-O Ne5 15. Qe3 Nc4 16. Bxc4 Qxc4 17. Nf4 b6 18. Nd3 Bb7 19. Nb2 Qa2 20. Nd3 Qa4 21. Ra1 Qd7 22. Rab1 Ba6 23. Rfc1 Bxd3 24. Qxd3 {Knechtel,R (1830)-Roth,J (2200) Passau 1998 0-1 (40)}) ({RR} 9... Qa5 10. Bb2 Nd7 11. Bb3 b5 12. Ne2 Ne5 13. Qe3 c4 14. Bc2 b4 15. cxb4 Qxb4+ 16. Bc3 Nd3+ 17. Kd2 Bxc3+ 18. Nxc3 Ba6 19. Rhb1 Qd6 20. Bxd3 cxd3 21. e5 Qd7 22. a4 Bc4 23. Qd4 Rac8 24. Rb4 {Labegalini,A (1852)-Pereira,M Campinas 2007 1-0 (37)}) ({RR} 9... Qa5 10. Ne2 Nd7 11. Bf4 b5 12. Bb3 Ba6 13. Bd2 c4 14. Bc2 Ne5 15. Qg3 Nd7 16. Nd4 Bb7 17. f4 Nc5 18. Qe3 Rac8 19. O-O e6 20. dxe6 fxe6 21. a4 e5 22. Nxb5 exf4 23. Rxf4 Rfd8 24. Rf2 {Monatti,P (1502)-Malescusi,D (1509) Pescia 2011 1-0 (60)}) 10. Bf4 b5 11. Bb3 Ne5 12. Qe3 c4 13. Bxe5 Bxe5 14. Nf3 Bg7 15. Bc2 e6 16. dxe6 Bxe6 17. O-O Qa5 18. Nd4 Qb6 19. Rfd1 a6 20. Rab1 Rfd8 21. a4 Bxd4 22. Rxd4 Rxd4 23. Qxd4 Qxd4 24. cxd4 Rb8 25. d5 Bd7 26. Kf1 b4 27. a5 b3 28. Bd1 Rb4 29. d6 f6 30. Rc1 Kf7 31. Rb1 Ke6 32. Ke1 Kxd6 33. Kd2 Kc5 34. Kc3 Ra4 35. Be2 Ra2 0-1

[Event "Campeonato Estadual Absoluto Std RJ 202"]
[Site "TTC Sala de Xadrez Ed Leonard"]
[Date "2025.11.23"]
[Round "6.11"]
[White "Andriska, Matheus Jose Amante"]
[Black "Laborao, Samuel Eduardo Ferr"]
[Result "1/2-1/2"]
[WhiteElo "1534"]
[BlackElo "1506"]
[PlyCount "58"]
[EventDate "2025.11.20"]
[EventRounds "6"]
[EventCountry "BRA"]

1. d4 Nf6 2. Nf3 g6 3. Nbd2 Bg7 4. e4 d6 5. Bd3 O-O ({RR} 5... Nh5 6. Nb3 O-O 7. O-O e5 8. c3 Nc6 9. h3 h6 10. Bb5 Bd7 11. dxe5 Nxe5 12. Bxd7 Nxd7 13. Re1 Re8 14. Qc2 Qe7 15. Be3 Qxe4 16. Qd2 Ne5 17. Nxe5 dxe5 18. Bxh6 Qc6 19. Bxg7 Nf4 20. f3 {Anton,T (2316)-Manolache,M (2544) Sarata Monteoru 2011 ½-½ (61)}) 6. b3 ({RR} 6. Nf1 c5 7. dxc5 dxc5 8. Qe2 Nc6 9. c3 Bg4 10. Bc2 Qa5 11. N1d2 Nh5 12. Qe3 Bxf3 13. Nxf3 e5 14. O-O c4 15. g3 Rfd8 16. Qe2 Qa6 17. Bg5 Rd7 18. Rfd1 Rxd1+ 19. Bxd1 h6 20. Be3 Rd8 {Islam,K (2115)-Hossain,E (2365) Dhaka BAN 2024 ½-½ (31)}) 6... c5 7. Bb2 cxd4 8. Nxd4 $146 ({RR} 8. Bxd4 Nc6 9. Bb2 Qb6 10. h3 Nxe4 11. Bxe4 Bxb2 12. Nc4 Qb4+ 13. Kf1 Bxa1 14. Qxa1 Be6 15. a3 Bxc4+ 16. bxc4 Qxc4+ 17. Kg1 Qxe4 18. Qc1 Nd4 19. Nxd4 Qxd4 20. h4 Rac8 21. h5 Rc5 22. hxg6 fxg6 {Olleta Tanya,J (1409)-Recacha Limeres,S Barcelona 2018 0-1}) 8... Qb6 9. Qe2 Nd5 10. Nc4 Qb4+ 11. Qd2 Qxd2+ 12. Nxd2 Nf4 13. O-O Nc6 14. Nxc6 bxc6 15. Bxg7 Kxg7 16. Bc4 d5 17. Bd3 Nxd3 18. cxd3 Ba6 19. Rfe1 e6 20. d4 dxe4 21. Nxe4 Rfd8 22. Nc5 Bc8 23. Rad1 Rd5 24. Rd2 a5 25. Na4 Ra7 26. Red1 Rd8 27. Nc5 Rd5 28. Na4 Rd8 29. Nc5 Rd5 1/2-1/2